00245 a2200109 4500001000700000020000600007040001100013100002900024240003900053245003400092362000900126166864 a  cMagnum aBeziers, Marie-Madeleine10aO bebe e a coordenacao motoralpor10aO bebe e a coordenacao motora0 a1899